Esposicion hecha por el Señor Daniel Stuart al Soberano Congreso del Imperio Mexicano. Octubre 12 de 1822

Detalles Bibliográficos
Autor principal: Stuart, Daniel, 1766-1846
Formato: Libro
Lenguaje:Spanish
Publicado: Mexico : imprenta de Don Mariano Ontiveros, 1822.
Materias:
Colección:Banco de datos
Acervo:Biblioteca Palafoxiana. Colección de Pliegos Sueltos
Descripción Física:15 p. ; 4°
Tema general:Política
LEADER 00541nam a22001690004500
035 |a 87 
041 0 |a spa 
082 0 4 |a FR/PAFX/IMPS/C065/01944 
100 1 |a Stuart, Daniel, 1766-1846 
245 1 0 |a Esposicion hecha por el Señor Daniel Stuart al Soberano Congreso del Imperio Mexicano. Octubre 12 de 1822 
260 |a Mexico : imprenta de Don Mariano Ontiveros, 1822. 
300 |a 15 p. ; 4° 
650 1 0 |a Política 
949 |a I01944 
942 |c PALAPLIE 
943 |g Biblioteca Palafoxiana. Colección de Pliegos Sueltos 
999 |c 1073377  |d 1073377